| 000 | 00656cam a2200229 a 4500 | ||
|---|---|---|---|
| 001 | 3397502 | ||
| 005 | 20231121025555.0 | ||
| 008 | 890201s1989 mau b 001 0 eng | ||
| 020 | _a0044452217 | ||
| 020 | _a0044452225 (pbk.) | ||
| 040 |
_aDLC _cDLC _dDLC |
||
| 082 | 0 | 0 |
_a305.4/2/01 _219 |
| 245 | 0 | 0 |
_aWomen, knowledge, and reality : _bexplorations in feminist philosophy / _cAnn Garry, Marilyn Pearsall. |
| 260 |
_aBoston : _bUnwin Hyman, _c1989. |
||
| 300 | _axiv, 354 p. : | ||
| 650 | 0 | _aFeminist theory. | |
| 650 | 0 | _aPhilosophy. | |
| 650 | 0 | _aKnowledge, Theory of. | |
| 700 | 1 |
_aGarry, Ann. _eedt |
|
| 700 | 1 |
_aPearsall, Marilyn. _eedt |
|
| 942 | _cL | ||
| 999 |
_c46 _d46 |
||